000 00676pam a2200217 4500
001 1344
003 OCoLC
005 20181127163132.0
008 930915s1994 nyu 000 0 eng
010 _a93037813
020 _a0060926325
043 _an-us---
100 1 _aJastrab, Joseph,
_d1950-
245 1 0 _aSacred manhood, sacred earth :
_ba vision quest into the wilderness of a man's heart /
_cJoseph Jastrab, with Ron Schaumburg.
260 _aNew York, NY :
_bHarperPerennial,
_c1995.
300 _axxviii, 211 p. ;
_c22 cm.
650 0 _aMasculinity.
650 0 _aMen
_zUnited States
_xPsychology.
650 0 _aMen's movement
_zUnited States.
700 1 _aSchaumburg, Ron.
999 _c977
_d977